[Event "European Youth Chess Championship B14"]
[Site "Prague, Top Hotel Prague"]
[Date "2016.08.25"]
[Round "7.14"]
[White "Bango, Lukas"]
[Black "Zimmer, Raphael"]
[Result "1-0"]
[WhiteElo "2058"]
[BlackElo "2180"]
[PlyCount "69"]
[EventDate "2016.08.18"]

1. e4 e5 2. f4 exf4 3. Bc4 Ne7 4. Nc3 Ng6 5. Nf3 Nc6 6. O-O d6 7. d4 Be7 8. Ne2
Na5 9. Bd3 O-O 10. Nxf4 Nxf4 11. Bxf4 f5 12. Qe1 Nc6 13. exf5 Bxf5 14. Bxf5
Rxf5 15. Qe6+ Rf7 16. Ng5 Bxg5 17. Qxf7+ Kxf7 18. Bxg5+ Kg6 19. Bxd8 Rxd8 20.
c3 a5 21. Rae1 Rd7 22. g4 h5 23. gxh5+ Kxh5 24. Kg2 g5 25. Kg3 Rh7 26. Rf5 Kg6
27. Ref1 Re7 28. Rf6+ Kh5 29. Rf7 Re2 30. R1f6 Re3+ 31. Kf2 Rd3 32. Rxc7 Rd2+
33. Kg3 Rd3+ 34. Kg2 Rd2+ 35. Rf2 1-0

[Event "European Youth Chess Championship B14"]
[Site "Prague, Top Hotel Prague"]
[Date "2016.08.25"]
[Round "7.15"]
[White "Tryggestad, Andreas Garberg"]
[Black "Gorshtein, Ido"]
[Result "0-1"]
[WhiteElo "2161"]
[BlackElo "2008"]
[PlyCount "134"]
[EventDate "2016.08.18"]

1. e4 c6 2. Nc3 d5 3. Nf3 Bg4 4. h3 Bxf3 5. Qxf3 e6 6. g3 Nd7 7. Bg2 Ngf6 8. d4
dxe4 9. Nxe4 Nxe4 10. Qxe4 Nf6 11. Qd3 Be7 12. O-O O-O 13. c4 Qd7 14. Be3 Rfd8
15. Rfd1 Rac8 16. Rac1 b6 17. Qb3 h6 18. Qa4 b5 19. Qa6 bxc4 20. Rxc4 Nd5 21.
Kh2 Rb8 22. Bxd5 cxd5 23. Rc2 Rb6 24. Qd3 Rdb8 25. Bf4 Bd6 26. Bxd6 Qxd6 27.
Rdc1 g6 28. b3 Qa3 29. Qe3 Qf8 30. Rc7 R6b7 31. Qe5 a5 32. R1c5 a4 33. bxa4
Rxc7 34. Rxc7 Rb2 35. Qf6 Rxa2 36. Rd7 Rb2 37. Kg2 Qg7 38. Qf4 g5 39. Qc7 Qf6
40. Qd8+ Kg7 41. Qxf6+ Kxf6 42. a5 Rb4 43. a6 Rxd4 44. a7 Ra4 45. Kf3 Ra3+ 46.
Ke2 h5 47. Kd2 h4 48. gxh4 gxh4 49. Ke2 Kg6 50. Re7 d4 51. Kd2 Kf6 52. Rd7 e5
53. f4 Ke6 54. Rd8 Rxa7 55. fxe5 Kxe5 56. Re8+ Kf4 57. Kd3 Ra3+ 58. Kxd4 f5 59.
Rh8 Rxh3 60. Rh5 Rh1 61. Kd3 Kg4 62. Rh8 Kf3 63. Kd2 f4 64. Rh7 h3 65. Rh4 h2
66. Rh3+ Kg4 67. Rh8 Ra1 0-1

[Event "European Youth Chess Championship B14"]
[Site "Prague, Top Hotel Prague"]
[Date "2016.08.25"]
[Round "7.16"]
[White "Mis, Mieszko"]
[Black "Nowak, Mikolaj"]
[Result "1-0"]
[WhiteElo "2041"]
[BlackElo "2123"]
[PlyCount "113"]
[EventDate "2016.08.18"]

1. d4 Nf6 2. Nf3 d6 3. g3 Na6 4. Bg2 c5 5. O-O g6 6. c4 Bg7 7. Nc3 cxd4 8. Nxd4
O-O 9. b3 Nc7 10. e4 Rb8 11. Bb2 a6 12. Qe2 Bg4 13. Qe3 Bd7 14. Rfd1 Qc8 15.
Rac1 Re8 16. Nd5 Ncxd5 17. exd5 Qc5 18. a3 a5 19. Qd2 Qa7 20. b4 Rec8 21. Re1
Bf8 22. Bf1 Ng4 23. h3 Ne5 24. Kg2 Be8 25. f4 Nd7 26. Nb5 Qb6 27. bxa5 Qd8 28.
g4 Nc5 29. Qc3 f6 30. Qe3 Qxa5 31. g5 Qd8 32. Be2 Bxb5 33. cxb5 Bg7 34. Bf3 Rc7
35. Bd4 b6 36. h4 f5 37. Bxc5 dxc5 38. Qe6+ Kf8 39. h5 Qd6 40. hxg6 hxg6 41.
Qxd6 exd6 42. Re6 Kf7 43. Rxd6 Ra7 44. Rc6 Rxa3 45. Rc7+ Kf8 46. Re1 Ra2+ 47.
Kg3 Bd4 48. Ree7 Rd8 49. Re6 Rb2 50. d6 Rd2 51. Bc6 Rd3+ 52. Kg2 Re3 53. Rxg6
Re2+ 54. Kf1 Rf2+ 55. Ke1 c4 56. Bd5 Rxf4 57. Rg8# 1-0

[Event "European Youth Chess Championship B14"]
[Site "Prague, Top Hotel Prague"]
[Date "2016.08.25"]
[Round "7.17"]
[White "Golding, Alex"]
[Black "Sahin, Doga Boran"]
[Result "0-1"]
[WhiteElo "1958"]
[BlackElo "2107"]
[PlyCount "92"]
[EventDate "2016.08.18"]

1. e4 e6 2. d4 d5 3. Nc3 Nf6 4. e5 Nfd7 5. f4 c5 6. Nf3 Nc6 7. Be3 Be7 8. Qd2
a6 9. dxc5 Nxc5 10. Qf2 Qa5 11. Bd3 Na4 12. Bd2 Nxb2 13. Qg3 Bb4 14. Qxg7 Rf8
15. Nb1 Qc5 16. Ke2 Bd7 17. a3 Bxd2 18. Nbxd2 Ne7 19. Qg3 Bb5 20. Qf2 Nxd3 21.
cxd3 Bxd3+ 22. Ke1 Qc3 23. Qd4 Rc8 24. Kf2 Qxd4+ 25. Nxd4 Kd7 26. Ke3 Rc3 27.
Rhc1 Rfc8 28. Rxc3 Rxc3 29. N2b3 Bc4+ 30. Kd2 Rd3+ 31. Kc2 b6 32. Rd1 Bxb3+ 33.
Nxb3 Rxd1 34. Kxd1 Kc6 35. a4 b5 36. a5 b4 37. Kc2 Kb5 38. Nd4+ Kxa5 39. Kb3
Kb6 40. Kxb4 Nc6+ 41. Nxc6 Kxc6 42. g4 a5+ 43. Kc3 Kc5 44. g5 d4+ 45. Kd3 Kd5
46. h4 a4 0-1

[Event "European Youth Chess Championship B14"]
[Site "Prague, Top Hotel Prague"]
[Date "2016.08.25"]
[Round "7.18"]
[White "Parkhov, Yair"]
[Black "Shmavonyan, Areg"]
[Result "1/2-1/2"]
[WhiteElo "2102"]
[BlackElo "1998"]
[PlyCount "105"]
[EventDate "2016.08.18"]

1. d4 d5 2. c4 e6 3. Nf3 c6 4. e3 Nf6 5. Bd3 dxc4 6. Bxc4 Nbd7 7. O-O Bd6 8.
Nbd2 e5 9. Bb3 exd4 10. exd4 O-O 11. Nc4 Be7 12. Qd3 Nc5 13. Qc2 Nxb3 14. Qxb3
Be6 15. Qd3 Qd5 16. b3 Bf5 17. Qe2 Rfe8 18. Ne3 Qe4 19. Ng5 Qd3 20. Qxd3 Bxd3
21. Rd1 Be2 22. Re1 Bh5 23. Bd2 h6 24. Nh3 Ne4 25. Nf4 Nxd2 26. Nxh5 Bb4 27.
Red1 Ne4 28. Ng3 Nc3 29. Rd3 Nd5 30. a3 Nxe3 31. fxe3 Be7 32. Kf2 Rad8 33. b4
g6 34. Rad1 Bg5 35. e4 Rd7 36. Kf3 Rc8 37. e5 Be7 38. Ne4 Rcd8 39. Nc3 Kg7 40.
d5 cxd5 41. Nxd5 Bg5 42. Nf4 Rxd3+ 43. Rxd3 Rxd3+ 44. Nxd3 f5 45. exf6+ Kxf6
46. Ke4 Bd2 47. Kd5 Kf5 48. Nc5 b6 49. Nb3 a6 50. a4 h5 51. b5 axb5 52. axb5 h4
53. Kd4 1/2-1/2

[Event "European Youth Chess Championship B14"]
[Site "Prague, Top Hotel Prague"]
[Date "2016.08.25"]
[Round "7.19"]
[White "Petr, Jakub"]
[Black "Levitskiy, Andrey"]
[Result "1/2-1/2"]
[WhiteElo "1917"]
[BlackElo "2101"]
[PlyCount "49"]
[EventDate "2016.08.18"]

1. e4 c5 2. Nf3 Nc6 3. d4 cxd4 4. Nxd4 g6 5. Nb3 Bg7 6. Be2 Nf6 7. Nc3 O-O 8.
O-O d6 9. Bg5 Be6 10. Kh1 Rc8 11. f4 Na5 12. e5 Nxb3 13. axb3 dxe5 14. fxe5 Nd5
15. Nxd5 Qxd5 16. Qxd5 Bxd5 17. c4 Bc6 18. Bxe7 Rfe8 19. Bg4 Ra8 20. Bf6 Bxf6
21. exf6 Re3 22. Bf3 Rxb3 23. Bxc6 bxc6 24. Rfd1 h5 25. Rd2 1/2-1/2

[Event "European Youth Chess Championship B14"]
[Site "Prague, Top Hotel Prague"]
[Date "2016.08.25"]
[Round "7.20"]
[White "Golikov, Daniil"]
[Black "Karayev, Kanan"]
[Result "1/2-1/2"]
[WhiteElo "2098"]
[BlackElo "2275"]
[PlyCount "89"]
[EventDate "2016.08.18"]

1. c4 g6 2. g3 Bg7 3. Bg2 d6 4. Nc3 Nc6 5. e4 Nd4 6. Nge2 c5 7. O-O e6 8. d3
Ne7 9. Be3 O-O 10. Qd2 Qa5 11. Rab1 Nec6 12. b3 a6 13. a4 Bd7 14. Rfd1 Rab8 15.
Bf4 e5 16. Bh6 b5 17. axb5 axb5 18. Nxd4 Nxd4 19. Nd5 Qxd2 20. Bxd2 Bg4 21. f3
Nxf3+ 22. Bxf3 Bxf3 23. Re1 bxc4 24. bxc4 f5 25. Rxb8 Rxb8 26. Bg5 h6 27. Be7
Rb3 28. Bxd6 Rxd3 29. Ra1 Bxe4 30. Ra8+ Kh7 31. Ra7 Kg8 32. Ne7+ Kh7 33. Nd5
Kg8 34. Ne7+ Kf7 35. Bxc5 Ke8 36. Nxf5 Bxf5 37. Rxg7 Rd1+ 38. Kf2 Rd2+ 39. Ke3
Rxh2 40. Re7+ Kd8 41. Rxe5 Rc2 42. Bf8 h5 43. c5 Kd7 44. Bd6 Rc3+ 45. Kf4
1/2-1/2

[Event "European Youth Chess Championship B14"]
[Site "Prague, Top Hotel Prague"]
[Date "2016.08.25"]
[Round "7.21"]
[White "Kalabukhov, Bogdan"]
[Black "Olsen, Filip Boe"]
[Result "0-1"]
[WhiteElo "2090"]
[BlackElo "2260"]
[PlyCount "116"]
[EventDate "2016.08.18"]

1. d4 d5 2. c4 c6 3. Nf3 Nf6 4. e3 Bf5 5. Nc3 a6 6. Qb3 b5 7. cxd5 cxd5 8. a4
b4 9. Nh4 Bg4 10. Qxb4 Nc6 11. Qb3 Rb8 12. Qc2 Nb4 13. Qb1 e6 14. h3 Bh5 15. g4
Nd7 16. gxh5 Qxh4 17. Bd2 Qxh5 18. Na2 Qf3 19. Rg1 Nxa2 20. Rg3 Qf6 21. Qxa2
Bd6 22. Rg1 e5 23. Qxd5 Rxb2 24. dxe5 Nxe5 25. Be2 O-O 26. Qd4 Rfb8 27. Rd1 Bb4
28. Rg3 Rd8 29. Qxd8+ Qxd8 30. Bxb4 Qc8 31. Bxa6 Qc7 32. Bd2 h6 33. Bb5 Ra2 34.
Rc1 Qb7 35. Ke2 Qd5 36. Rd1 f5 37. Ke1 Kh7 38. Be2 Qh1+ 39. Bf1 Nf3+ 40. Rxf3
Qxf3 41. a5 h5 42. Bc4 Ra4 43. Bb5 Ra3 44. Bf1 g5 45. a6 Qh1 46. Bb4 Rxa6 47.
Rd7+ Kg6 48. Rd6+ Rxd6 49. Bxd6 g4 50. hxg4 fxg4 51. f3 Qxf3 52. Bd3+ Kf6 53.
Bf4 g3 54. Be2 Qh1+ 55. Kd2 g2 56. Bf3 Qf1 57. Bxg2 Qxg2+ 58. Kd3 h4 0-1

[Event "European Youth Chess Championship B14"]
[Site "Prague, Top Hotel Prague"]
[Date "2016.08.25"]
[Round "7.22"]
[White "Pavlov, Danila"]
[Black "Travadon, Loic"]
[Result "1/2-1/2"]
[WhiteElo "2077"]
[BlackElo "2258"]
[PlyCount "65"]
[EventDate "2016.08.18"]

1. e4 c5 2. Nf3 Nc6 3. d4 cxd4 4. Nxd4 Nf6 5. Nc3 d6 6. Bg5 e6 7. Qd2 Be7 8.
O-O-O O-O 9. f4 Nxd4 10. Qxd4 h6 11. Bh4 Qa5 12. Bc4 e5 13. Qd3 exf4 14. Be1
Qb6 15. Bd2 Ng4 16. Nd5 Qd8 17. Qd4 Be6 18. Bc3 Ne5 19. Bb3 Bxd5 20. Qxd5 Qc7
21. Bd2 Ng4 22. Rhf1 Ne3 23. Bxe3 fxe3 24. Rxf7 Rxf7 25. Qxf7+ Kh7 26. Re1 Rf8
27. Qd5 Bg5 28. c3 Qd8 29. Re2 Rf2 30. Kd1 Qf8 31. Bc4 b6 32. Rxf2 exf2 33.
Qf5+ 1/2-1/2

[Event "European Youth Chess Championship B14"]
[Site "Prague, Top Hotel Prague"]
[Date "2016.08.25"]
[Round "7.23"]
[White "Sahidi, Samir"]
[Black "Ongut, Tamas Gunes"]
[Result "1-0"]
[WhiteElo "2225"]
[BlackElo "2063"]
[PlyCount "123"]
[EventDate "2016.08.18"]

1. Nf3 Nf6 2. c4 e6 3. g3 d5 4. Bg2 Be7 5. d4 O-O 6. O-O b6 7. Ne5 Bb7 8. Nc3
Qc8 9. cxd5 Nxd5 10. Nxd5 Bxd5 11. e4 Bb7 12. d5 exd5 13. exd5 Nd7 14. Bf4 Bd6
15. Nc6 Kh8 16. Bxd6 cxd6 17. Re1 Nf6 18. Re7 Ng8 19. Re1 Re8 20. Qd2 Qd7 21.
Rxe8 Rxe8 22. Nxa7 Ba6 23. Nc6 Re2 24. Qd4 Qe8 25. Qc3 Nf6 26. Nb4 Bc8 27. Rf1
Ne4 28. Bxe4 Rxe4 29. Nd3 Bh3 30. Rc1 h6 31. Nf4 Bf5 32. Ng2 Re2 33. Ne3 Bh3
34. Rc2 Qb5 35. Rxe2 Qxe2 36. Qc1 b5 37. a3 Kg8 38. Qb1 Qd2 39. b3 Qd4 40. Qd1
Qc3 41. a4 bxa4 42. bxa4 Qb4 43. g4 g6 44. f3 Kf8 45. Kf2 Qf4 46. Qg1 Qd4 47.
Kg3 Bf1 48. Qxf1 Qxe3 49. Qa1 g5 50. a5 Qf4+ 51. Kg2 Qd2+ 52. Kh3 Qxd5 53. Kg3
Qc5 54. a6 Qa7 55. Kg2 Kg8 56. Qa5 f5 57. gxf5 g4 58. fxg4 Qa8+ 59. Kg3 Qe4 60.
Qd8+ Kh7 61. Qc7+ Kh8 62. Qc8+ 1-0

[Event "European Youth Chess Championship B14"]
[Site "Prague, Top Hotel Prague"]
[Date "2016.08.25"]
[Round "7.24"]
[White "Nesterov, Arseniy"]
[Black "Kopylov, Daniel"]
[Result "1-0"]
[WhiteElo "2216"]
[BlackElo "2050"]
[PlyCount "59"]
[EventDate "2016.08.18"]

1. d4 d5 2. c4 e5 3. dxe5 d4 4. a3 Nc6 5. f4 Bg4 6. g3 Qd7 7. h3 Be6 8. e4
O-O-O 9. f5 Bxf5 10. exf5 Nxe5 11. Bd3 Qc6 12. Rh2 Re8 13. Kf1 Nf6 14. Bf4 Ne4
15. Re2 Nxc4 16. Qe1 Bd6 17. Bxe4 Rxe4 18. Rxe4 Bxf4 19. gxf4 Qd5 20. Qe2 Rd8
21. Re5 Qc6 22. Nd2 Nxe5 23. fxe5 d3 24. Qf2 Qc2 25. e6 fxe6 26. fxe6 Qxb2 27.
Re1 Qxa3 28. e7 Re8 29. Qf5+ Kb8 30. Qd7 1-0

[Event "European Youth Chess Championship B14"]
[Site "Prague, Top Hotel Prague"]
[Date "2016.08.25"]
[Round "7.25"]
[White "Vodila, Martin Botond"]
[Black "Martinovici, Ilie"]
[Result "1/2-1/2"]
[WhiteElo "2047"]
[BlackElo "2170"]
[PlyCount "110"]
[EventDate "2016.08.18"]

1. e4 e5 2. Nc3 Nc6 3. Bc4 Nf6 4. Nf3 Nxe4 5. Nxe4 d5 6. Bd3 dxe4 7. Bxe4 Bd6
8. Qe2 O-O 9. O-O Re8 10. Re1 Bd7 11. d3 h6 12. h3 Qf6 13. c3 Rad8 14. Bd2 Bf5
15. Rad1 Bxe4 16. dxe4 Qe6 17. b3 Bc5 18. Be3 Bb6 19. Nh4 Ne7 20. Qf3 Qc6 21.
c4 Bd4 22. g4 Qa6 23. a4 c5 24. Nf5 Qb6 25. Bc1 Rd7 26. h4 Red8 27. Kg2 Qe6 28.
g5 hxg5 29. hxg5 Nxf5 30. exf5 Qc6 31. Re4 Bc3 32. Rh1 Rd4 33. Rhh4 Rxe4 34.
Rxe4 Rd4 35. Rxd4 Qxf3+ 36. Kxf3 exd4 37. Ke4 Be1 38. f3 Kf8 39. Bf4 Ke7 40.
Bb8 a6 41. Bf4 Bf2 42. Bd2 Bg3 43. Bc1 Kd6 44. Bd2 Kc6 45. Bc1 Bc7 46. Bd2 Bd8
47. Bf4 Be7 48. Bd2 b5 49. axb5+ axb5 50. f4 Bd6 51. g6 bxc4 52. bxc4 fxg6 53.
fxg6 Be7 54. Be1 Bf6 55. Bd2 Bh4 1/2-1/2

[Event "European Youth Chess Championship B14"]
[Site "Prague, Top Hotel Prague"]
[Date "2016.08.25"]
[Round "7.26"]
[White "Pribelszky, Bence"]
[Black "Fus, Jakub"]
[Result "0-1"]
[WhiteElo "2161"]
[BlackElo "2044"]
[PlyCount "114"]
[EventDate "2016.08.18"]

1. e4 e6 2. d4 d5 3. Nc3 Bb4 4. exd5 exd5 5. Bd3 Nc6 6. a3 Bxc3+ 7. bxc3 Nge7
8. Qf3 Be6 9. Rb1 b6 10. Ne2 Qd7 11. Ng3 O-O-O 12. O-O h5 13. h4 Rde8 14. a4 g6
15. Bg5 Nf5 16. Nxf5 Bxf5 17. Bxf5 Qxf5 18. Qxf5+ gxf5 19. Rb5 f6 20. Bxf6 Rh6
21. Bg5 Rd6 22. Rc1 Na5 23. Kf1 Nc4 24. Rd1 c6 25. Rbb1 Rde6 26. Rd3 Na3 27.
Rc1 Nxc2 28. g3 Re1+ 29. Rxe1 Rxe1+ 30. Kg2 Kd7 31. Rd2 Na3 32. Kf3 Nc4 33. Ra2
Ke6 34. Rc2 a5 35. Kf4 Re4+ 36. Kf3 Re1 37. Kf4 b5 38. axb5 cxb5 39. Bh6 b4 40.
cxb4 axb4 41. Ra2 b3 42. Ra8 Kd7 43. Rb8 b2 44. Kxf5 b1=Q+ 45. Rxb1 Rxb1 46.
Kg5 Rf1 47. Kxh5 Rxf2 48. g4 Ke6 49. Kg6 Nd6 50. Bc1 Rg2 51. g5 Nf5 52. h5 Nh4+
53. Kh7 Kf5 54. Kh6 Nf3 55. g6 Nh4 56. Kh7 Nxg6 57. hxg6 Rxg6 0-1

[Event "European Youth Chess Championship B14"]
[Site "Prague, Top Hotel Prague"]
[Date "2016.08.25"]
[Round "7.27"]
[White "Chukavin, Kirill"]
[Black "Kamer, Kayra"]
[Result "0-1"]
[WhiteElo "2146"]
[BlackElo "2041"]
[PlyCount "100"]
[EventDate "2016.08.18"]

1. e4 c5 2. Nf3 e6 3. d4 cxd4 4. Nxd4 a6 5. Be2 Nf6 6. Nc3 Qc7 7. O-O d6 8. f4
Be7 9. Kh1 Nbd7 10. Bf3 O-O 11. Qe1 Rb8 12. a4 e5 13. Nf5 Nc5 14. fxe5 dxe5 15.
Nxe7+ Qxe7 16. Bg5 Qe6 17. Nd5 Nxd5 18. exd5 Qd6 19. b4 Nd7 20. c4 b6 21. a5
bxa5 22. Rxa5 Qxb4 23. Qxb4 Rxb4 24. Be7 Rxc4 25. Bxf8 Kxf8 26. Raa1 e4 27. Be2
Rc2 28. Rfc1 Rxe2 29. Rxc8+ Ke7 30. Rd1 Kd6 31. Rc6+ Ke5 32. Rc7 Kd6 33. Rc6+
Ke5 34. Kg1 e3 35. Rc3 f5 36. d6 f4 37. Rcd3 g5 38. Rd5+ Kf6 39. h4 g4 40. Rf1
Ke6 41. Rg5 Rd2 42. Rxg4 Ne5 43. Rfxf4 Rd1+ 44. Kh2 Nxg4+ 45. Rxg4 Kf5 46. Rg5+
Kf6 47. d7 e2 48. Rg8 Rxd7 49. Re8 Re7 50. Rf8+ Kg7 0-1

[Event "European Youth Chess Championship B14"]
[Site "Prague, Top Hotel Prague"]
[Date "2016.08.25"]
[Round "7.28"]
[White "Kramich, Aliaksei"]
[Black "Kozak, Antoni"]
[Result "0-1"]
[WhiteElo "1629"]
[BlackElo "2102"]
[PlyCount "90"]
[EventDate "2016.08.18"]

1. e4 c6 2. d4 d5 3. exd5 cxd5 4. Bd3 Nc6 5. c3 Qc7 6. Ne2 Bg4 7. f3 Bh5 8. Bf4
Qd7 9. Nd2 e6 10. Nb3 Nf6 11. O-O Bd6 12. Nc5 Bxc5 13. dxc5 e5 14. Bg3 O-O 15.
b4 a6 16. Qb3 Rfe8 17. Rae1 Bg6 18. Bxg6 hxg6 19. Rd1 g5 20. Rfe1 Qf5 21. Bf2
a5 22. Ng3 Qg6 23. b5 a4 24. Qb1 Qxb1 25. Rxb1 Na5 26. Nf5 Nc4 27. Ne3 Na3 28.
Rbd1 Nxb5 29. Nxd5 Nxd5 30. Rxd5 Nxc3 31. Rdxe5 Rxe5 32. Rxe5 Nxa2 33. Rxg5 Nb4
34. Rg4 Nd3 35. Bd4 a3 36. Bxg7 a2 37. Ba1+ Kf8 38. Bg7+ Kg8 39. Ba1+ Kh7 40.
Rd4 Nxc5 41. Rf4 Nb3 42. Rxf7+ Kg8 43. Rg7+ Kf8 44. Rh7 Ra4 45. Be5 Nd4 0-1

[Event "European Youth Chess Championship B14"]
[Site "Prague, Top Hotel Prague"]
[Date "2016.08.25"]
[Round "7.29"]
[White "Georgakopoulos, Nikolaos K"]
[Black "Davtyan, Artur"]
[Result "0-1"]
[WhiteElo "2059"]
[BlackElo "2304"]
[PlyCount "57"]
[EventDate "2016.08.18"]

1. e4 e6 2. Qe2 Ne7 3. g3 c5 4. d3 Nbc6 5. Bg2 d5 6. Nd2 dxe4 7. Nxe4 Nd5 8.
Nf3 Be7 9. O-O O-O 10. c3 h6 11. a4 b6 12. Rd1 Ba6 13. Ned2 Qc7 14. Nc4 Rad8
15. Na3 Qd7 16. Nb5 Bf6 17. Be3 Nxe3 18. Qxe3 Ne7 19. Ne5 Bxe5 20. Qxe5 Bxb5
21. axb5 Qxb5 22. Rxa7 Nc6 23. Bxc6 Qxc6 24. d4 Rd5 25. Qf4 Rf5 26. Qe3 Rd8 27.
Rd2 Qd5 28. Ra1 Qd7 29. Rad1 0-1

[Event "European Youth Chess Championship B14"]
[Site "Prague, Top Hotel Prague"]
[Date "2016.08.25"]
[Round "7.30"]
[White "Tomasi, Albert"]
[Black "Lisnyak, Vladislav"]
[Result "1-0"]
[WhiteElo "2276"]
[BlackElo "2075"]
[PlyCount "73"]
[EventDate "2016.08.18"]

1. e4 c5 2. Nf3 e6 3. d4 cxd4 4. Nxd4 Nf6 5. Nc3 Nc6 6. Ndb5 Bb4 7. Bf4 Nxe4 8.
Qf3 Nxc3 9. bxc3 Qf6 10. O-O-O Ba5 11. Nd6+ Kf8 12. Ne4 Qd8 13. Bd6+ Kg8 14.
Qg4 f5 15. Qxf5 Qe8 16. Bc4 Qf7 17. Qg4 h5 18. Qh3 Qg6 19. Rhe1 Bd8 20. Re3 Na5
21. Bb3 Nxb3+ 22. axb3 b6 23. Rg3 Qh6+ 24. f4 Bb7 25. Be5 Rh7 26. Nd6 Bc6 27.
Ne8 Kf7 28. Nxg7 h4 29. Nf5 hxg3 30. Nxh6+ Kg6 31. f5+ exf5 32. Qxf5+ Kxh6 33.
Bf4+ Kg7 34. Be5+ Kh6 35. hxg3 Bxg2 36. Rd2 Bg5 37. Bf4 1-0

[Event "European Youth Chess Championship B14"]
[Site "Prague, Top Hotel Prague"]
[Date "2016.08.25"]
[Round "7.31"]
[White "Jazdanovs, Aleksandrs"]
[Black "Kaasen, Tor Fredrik"]
[Result "1-0"]
[WhiteElo "2040"]
[BlackElo "2229"]
[PlyCount "107"]
[EventDate "2016.08.18"]

1. e4 c5 2. Nf3 d6 3. d4 cxd4 4. Nxd4 Nf6 5. Nc3 a6 6. Bg5 Nbd7 7. Qe2 e6 8. f4
h6 9. Bh4 Qc7 10. g4 Be7 11. Bg3 b5 12. e5 dxe5 13. fxe5 Nh7 14. Bg2 Bb7 15.
Bxb7 Qxb7 16. O-O-O O-O 17. h4 Nc5 18. Nb3 Nxb3+ 19. axb3 Rfb8 20. Qe4 Qc8 21.
Qd3 a5 22. Qd7 Qc5 23. Qd4 Qc6 24. Qd7 Qf3 25. Rhf1 Qe3+ 26. Kb1 Ra7 27. Qd3
Qxd3 28. Rxd3 Nf8 29. Rdf3 Bd8 30. Ne4 a4 31. b4 Rd7 32. Nd6 f6 33. exf6 Bxf6
34. Rxf6 gxf6 35. Ne4 Rc8 36. Nxf6+ Kg7 37. Nxd7 Nxd7 38. Re1 Kf7 39. Re4 Rg8
40. c4 Nf6 41. Rf4 bxc4 42. b5 Ke7 43. Rxc4 Nxg4 44. b6 Nf6 45. b7 Nd7 46. Rc7
e5 47. Rxd7+ Kxd7 48. Bxe5 Ke6 49. b8=Q Rxb8 50. Bxb8 Kf5 51. Bg3 Kg4 52. Be1
Kf3 53. Ka2 Ke2 54. Ba5 1-0

[Event "European Youth Chess Championship B14"]
[Site "Prague, Top Hotel Prague"]
[Date "2016.08.25"]
[Round "7.32"]
[White "Slobodiansky, Steven"]
[Black "Vestby-Ellingsen, Mads"]
[Result "0-1"]
[WhiteElo "1891"]
[BlackElo "2184"]
[PlyCount "134"]
[EventDate "2016.08.18"]

1. e4 e5 2. Nf3 Nc6 3. Bb5 a6 4. Ba4 Nf6 5. O-O Be7 6. Re1 b5 7. Bb3 d6 8. c3
O-O 9. h3 Nb8 10. d4 Nbd7 11. Nbd2 Bb7 12. Bc2 Re8 13. Nf1 Bf8 14. Ng3 g6 15.
Bg5 h6 16. Be3 exd4 17. Bxd4 c5 18. Bxf6 Nxf6 19. Qd2 Qc7 20. Qf4 Nd7 21. Rad1
Ne5 22. Nxe5 dxe5 23. Qg4 Bc8 24. Qe2 Be6 25. b3 Qa5 26. Nf1 Qxc3 27. Ne3 Rad8
28. Nd5 Bxd5 29. exd5 e4 30. Bb1 f5 31. Qe3 Qxe3 32. Rxe3 Re5 33. d6 Rxd6 34.
Rxd6 Bxd6 35. f3 Rd5 36. Re1 e3 37. g4 Bg3 38. Rxe3 Rd1+ 39. Kg2 f4 40. Re6
Rxb1 41. Rxg6+ Kf7 42. Rxa6 c4 43. bxc4 bxc4 44. Rc6 Rc1 45. a4 c3 46. a5 Rc2+
47. Kg1 Bf2+ 48. Kf1 Bd4 49. Rc4 Ra2 50. a6 Rxa6 51. Ke2 Ra2+ 52. Kd1 Be5 53.
Rc5 Ke6 54. h4 Rh2 55. g5 hxg5 56. hxg5 Rg2 57. g6 Rxg6 58. Kc2 Rg2+ 59. Kd3
Rd2+ 60. Kc4 Rf2 61. Rc6+ Kf5 62. Kd3 Rxf3+ 63. Ke2 Rh3 64. Kf1 Rh2 65. Rc8 Ke4
66. Kg1 f3 67. Kf1 c2 0-1

[Event "European Youth Chess Championship B14"]
[Site "Prague, Top Hotel Prague"]
[Date "2016.08.25"]
[Round "7.33"]
[White "De, Boer Eelke"]
[Black "Mladek, Richard"]
[Result "1-0"]
[WhiteElo "2183"]
[BlackElo "2015"]
[PlyCount "177"]
[EventDate "2016.08.18"]

1. e4 c5 2. Nf3 Nc6 3. d4 cxd4 4. Nxd4 g6 5. c4 Bg7 6. Be3 d6 7. Nc3 Nf6 8. Be2
O-O 9. O-O Bd7 10. Qd2 Nxd4 11. Bxd4 a5 12. b3 Bc6 13. f3 Nd7 14. Be3 Nc5 15.
Rab1 e6 16. a3 f5 17. b4 axb4 18. axb4 Na4 19. Nxa4 Bxa4 20. b5 Qc7 21. Bd4 Be5
22. Qe3 Qg7 23. Bxe5 Qxe5 24. Rfc1 d5 25. cxd5 exd5 26. Rc5 fxe4 27. Bc4 Rad8
28. fxe4 Rfe8 29. Re1 Kg7 30. Rxd5 Rxd5 31. Bxd5 Bxb5 32. Bxb7 Bc4 33. h3 Re7
34. Bc6 Re6 35. Ba4 Ra6 36. Bc2 Ra2 37. Bb1 Rb2 38. Bd3 Be6 39. Kh1 Ra2 40. Rb1
g5 41. Qf3 Ra1 42. Rf1 Rxf1+ 43. Qxf1 Kg6 44. Bc4 Bxc4 45. Qxc4 h5 46. Qc6+ Qf6
47. Qe8+ Kh6 48. Qb8 Kg6 49. Qb5 Qf4 50. Qe8+ Kh6 51. Qc6+ Kg7 52. Kg1 Qe3+ 53.
Kf1 Qd3+ 54. Kg1 Qe3+ 55. Kh1 Qf4 56. Qc4 Kf6 57. Kg1 Ke5 58. Qd5+ Kf6 59. Qd8+
Kg6 60. Qe8+ Kh6 61. Qe6+ Kg7 62. Qc4 Kf6 63. Qc3+ Kg6 64. Qd3 Kg7 65. Qf3 Qc1+
66. Kh2 Qc7+ 67. Qg3 Qe7 68. e5 h4 69. Qe3 Kf7 70. Qf3+ Ke6 71. Qe4 Qg7 72.
Qc6+ Kf5 73. Qc8+ Ke4 74. Qc2+ Kd5 75. Qd3+ Ke6 76. Qd6+ Kf5 77. e6 Qf6 78.
Qd5+ Kg6 79. Qe4+ Kg7 80. e7 Qd6+ 81. Kh1 Qd1+ 82. Kh2 Qd6+ 83. Kg1 Qc5+ 84.
Kf1 Qb5+ 85. Kf2 Qe8 86. Qe5+ Kg6 87. Qe6+ Kg7 88. Ke3 Kh7 89. Qf5+ 1-0

[Event "European Youth Chess Championship B14"]
[Site "Prague, Top Hotel Prague"]
[Date "2016.08.25"]
[Round "7.34"]
[White "Stefansson, Vignir Vatnar"]
[Black "Bystritskiy, Daniil"]
[Result "1/2-1/2"]
[WhiteElo "2160"]
[BlackElo "1906"]
[PlyCount "62"]
[EventDate "2016.08.18"]

1. d4 Nf6 2. Nf3 e6 3. Bg5 d5 4. e3 Be7 5. Nbd2 O-O 6. Bd3 Nbd7 7. O-O h6 8.
Bh4 Nh5 9. Bxe7 Qxe7 10. Ne5 Nxe5 11. dxe5 g6 12. f4 b6 13. Rf3 Ng7 14. Rh3 Kh7
15. Nf3 Rh8 16. g4 c5 17. c3 Kg8 18. Qe1 Bd7 19. Qg3 h5 20. Ng5 hxg4 21. Rxh8+
Kxh8 22. Qxg4 Nh5 23. Nxf7+ Qxf7 24. Bxg6 Qxg6 25. Qxg6 Rg8 26. Qxg8+ Kxg8 27.
Kf2 Kf7 28. h4 Be8 29. Rg1 Ng7 30. Rg5 Kf8 31. Ke2 Nf5 1/2-1/2

[Event "European Youth Chess Championship B14"]
[Site "Prague, Top Hotel Prague"]
[Date "2016.08.25"]
[Round "7.35"]
[White "Vlachos, Anatole"]
[Black "Gloser, David"]
[Result "1-0"]
[WhiteElo "2160"]
[BlackElo "1900"]
[PlyCount "49"]
[EventDate "2016.08.18"]

1. e4 c6 2. Ne2 d5 3. e5 d4 4. b4 Qd5 5. Bb2 c5 6. bxc5 Nc6 7. d3 Qxe5 8. c3
Qxc5 9. cxd4 Qa5+ 10. Bc3 Qd8 11. Nd2 Nf6 12. g3 Bg4 13. Bg2 e6 14. Rb1 Qd7 15.
Qb3 Rb8 16. Nf4 Be7 17. d5 exd5 18. Nxd5 Qe6+ 19. Ne3 O-O 20. d4 Qxb3 21. Rxb3
Bd7 22. d5 Nd8 23. Be5 Rc8 24. d6 Rc1+ 25. Ke2 1-0

[Event "European Youth Chess Championship B14"]
[Site "Prague, Top Hotel Prague"]
[Date "2016.08.25"]
[Round "7.36"]
[White "Kuznecovs, Nikita"]
[Black "Kalavannan, Koby"]
[Result "0-1"]
[WhiteElo "1809"]
[BlackElo "2146"]
[PlyCount "84"]
[EventDate "2016.08.18"]

1. d4 Nf6 2. c4 g6 3. Nc3 Bg7 4. e4 d6 5. f3 O-O 6. Nge2 Nc6 7. Bg5 a6 8. Qd2
Na5 9. Nc1 Nd7 10. Bh6 c5 11. Bxg7 Kxg7 12. d5 e6 13. dxe6 Ne5 14. e7 Qxe7 15.
Nd5 Qh4+ 16. Kd1 Nac6 17. Qc3 Nd4 18. Ne2 Nec6 19. b4 Qf2 20. a3 Be6 21. Nb6
Rad8 22. Ra2 Kg8 23. Rd2 cxb4 24. Nxd4 bxc3 25. Rxf2 Nxd4 26. Bd3 Rc8 27. Nxc8
Rxc8 28. Kc1 Bxc4 29. Bc2 Rc6 30. Re1 b5 31. Re3 Bb3 32. Bd3 Ba4 33. e5 dxe5
34. Bb1 Nb3+ 35. Kd1 Nd4+ 36. Kc1 Nb3+ 37. Kd1 Rd6+ 38. Bd3 b4 39. Ke1 Nc5 40.
Bc2 b3 41. Rxc3 bxc2 42. Rfxc2 Bxc2 0-1